NDU-K Library Catalogue

Girl in a jacket 

indo-pak nuclear standoff : (Record no. 23187)

MARC details
000 -LEADER
fixed length control field 00428nam a22001577a 4500
003 - CONTROL NUMBER IDENTIFIER
control field OSt
005 - DATE AND TIME OF LATEST TRANSACTION
control field 20251211061005.0
008 - FIXED-LENGTH DATA ELEMENTS--GENERAL INFORMATION
fixed length control field 251211b |||||||| |||| 00| 0 eng d
040 ## - CATALOGING SOURCE
Original cataloging agency LC
Transcribing agency JCSC
050 ## - LIBRARY OF CONGRESS CALL NUMBER
Classification number JZ 5675
Item number .C43 1995
100 ## - MAIN ENTRY--PERSONAL NAME
Personal name P.R.Chari
245 ## - TITLE STATEMENT
Title indo-pak nuclear standoff :
Remainder of title The role of the united states /
Statement of responsibility, etc. Chari P.R.
260 ## - PUBLICATION, DISTRIBUTION, ETC.
Place of publication, distribution, etc. New delhi :
Name of publisher, distributor, etc. Manohar ;
Date of publication, distribution, etc. 1995.
300 ## - PHYSICAL DESCRIPTION
Extent 256 pages.
942 ## - ADDED ENTRY ELEMENTS (KOHA)
Source of classification or shelving scheme Library of Congress Classification
Koha item type Normal Collection
Suppress in OPAC No
Holdings
Withdrawn status Lost status Source of classification or shelving scheme Damaged status Not for loan Home library Current library Shelving location Date acquired Inventory number Total Checkouts Full call number Barcode Date last seen Price effective from Koha item type
    Library of Congress Classification     Joint Command and Staff College Joint Command and Staff College General Stacks 11/12/2025 4091/97   JZ 5675 .C43 1995 JCSC006916 11/12/2025 11/12/2025 Normal Collection
Copyright © 2026 [National Defence University - Kenya]. All rights reserved.